00387nam a22001457a 450000500170000001000150001702000110003203500140004303700130005708200080007024500510007826000360012927000550016530000210022020230120154102.0 aENG-136030 c300.00 aEN-119562 bDBAD/PUB a660 aIllustrated dictionary of chemical engineering aLajpat nagarbAkshar malac2011 aA-47, Amar colony, lajpat nagarbNew delhie110024 a216p.c22cm(hbk)